Návrh anaeróbnej technológie na spracovanie surového glycerínu v výroby bionafty

Salvato in:
Dettagli Bibliografici
Autore principale: Gombár, Peter (Autore)
Altri autori: Hutňan, Miroslav (Relatore della tesi)
Natura: Manoscritto Libro
Lingua:slovacco
Pubblicazione: 2018
Soggetti:
Accesso online:http://is.stuba.sk/zp/portal_zp.pl?podrobnosti=119417
Tags: Aggiungi Tag
Nessun Tag, puoi essere il primo ad aggiungerne!!

MARC

LEADER 00000ntm a22000003a 4500
001 stuzp69832
003 SK-STU
005 20180623211048.6
007 ta
008 150427s2015----xo-----f-mn---000-0-slo-d
040 |a STU  |b slo 
041 0 |a slo 
100 1 |a Gombár, Peter  |u 046290  |4 aut  |U FCHPT Ústav chemického a environmentálneho inžinierstva  |T FCHPT Oddelenie environmentálneho inžinierstva  |X 76787  |U C6290  |Y 120  |7 76787 
242 0 1 |a Design of anaerobic technology for treatment of crude glycerine from biodiesel production  |y eng 
245 1 0 |a Návrh anaeróbnej technológie na spracovanie surového glycerínu v výroby bionafty 
260 |c 2018 
650 4 |a bionafta;  |2 slo 
650 4 |a surový glycerín  |2 slo 
650 4 |a bioplyn  |2 slo 
650 4 |a anaeróbne spracovanie  |2 slo 
650 4 |a biodiesel  |2 eng 
650 4 |a crude glycerín  |2 eng 
650 4 |a biogas  |2 eng 
650 4 |a anaerobic treatment  |2 eng 
700 1 |a Hutňan, Miroslav  |u 046290  |k Z1  |4 ths  |U FCHPT Ústav chemického a environmentálneho inžinierstva  |T FCHPT Oddelenie environmentálneho inžinierstva  |X 3355  |U C6290  |Y 120  |7 A000003355 
856 4 |u http://is.stuba.sk/zp/portal_zp.pl?podrobnosti=119417